000 01827nam a2200253Ia 4500
008 260220t2017||||xx |||||||||||||| ||spa||
020 _a9788416228850
040 _aPY-SlUNAC
_bspa
_erda
041 _aspa
082 _a519.52
_bP415m
100 _aPerez Lopez, César
_eAutor
245 0 _aMuestreo estadístico a través de ejemplos :
_baplicaciones en Excel, SPSS, SAS y STATA /
_cpor César Perez Lopez [Autor]
264 _aMadrid :
_bIbergarceta Publicaciones,
_c℗2017.
300 _a1 volumen
520 _aEl libro "Muestreo estadístico a través de ejemplos" de César Pérez López proporciona una guía práctica sobre técnicas de muestreo en el ámbito de la estadística, utilizando ejemplos concretos para facilitar la comprensión. A lo largo de sus capítulos, el autor presenta diferentes métodos de muestreo, tales como muestreo aleatorio, estratificado y por conglomerados, ilustrando cada técnica con aplicaciones en software estadístico como Excel, SPSS, SAS y STATA. Esta obra se dirige a estudiantes y profesionales que buscan consolidar sus conocimientos en muestreo estadístico y aprender a aplicar estas técnicas en situaciones reales. Además, el libro incluye ejercicios prácticos que permiten al lector afianzar su aprendizaje y desarrollar habilidades analíticas. Al integrar teoría y práctica, el autor logra un enfoque accesible y didáctico, lo que convierte a este texto en una herramienta invaluable para quienes desean profundizar en el análisis de datos y la investigación estadística en diversas disciplinas.
653 _aAnálisis de datos
653 _aEstadística
653 _aMuestreo
942 _b2026/02/17
_cBK
999 _c7671
_d7671